Vplyv globalizácie na štandardizáciu v marketingu
Vplyv globalizácie na konkurenčné prostredie podnikov. Medzinárodný verzus globálny marketing. Štandardizácia v marketingu ako reakcia na globalizáciu.
Uložené v:
| Hlavný autor: | |
|---|---|
| Médium: | Kapitola |
| Jazyk: | Slovak |
| Predmet: | |
| Tagy: |
Žiadne tagy, Buďte prvý, kto otaguje tento záznam!
|
MARC
| LEADER | 00000nla$a2200000$$$4500 | ||
|---|---|---|---|
| 001 | 0114531 | ||
| 005 | 20240502072257.9 | ||
| 041 | 0 | |a slo | |
| 044 | |a SK | ||
| 245 | 1 | 0 | |a Vplyv globalizácie na štandardizáciu v marketingu |c Soňa Nemečková |
| 520 | |a Vplyv globalizácie na konkurenčné prostredie podnikov. Medzinárodný verzus globálny marketing. Štandardizácia v marketingu ako reakcia na globalizáciu. | ||
| 610 | 2 | 0 | |a prostredie podnikové |
| 610 | 2 | 0 | |a konkurencia |
| 610 | 2 | 0 | |a konkurencia medzinárodná |
| 610 | 2 | 0 | |a globalizácia |
| 610 | 2 | 0 | |a marketing |
| 610 | 2 | 0 | |a štandardizácia |
| 100 | 1 | |a Nemečková, Soňa | |